000 00668nam a22002057a 4500
003 0
005 20240207125301.0
008 240207b xxu||||| |||| 00| 0 eng d
020 _a978-1-78868-619-8
050 _aQB 46
_b.St75 2019
100 _aStimac, Valerie
245 _aDark skies: a practical guide to astrotourism
_cValerie Stimac
260 _aSingapore
_bLonely Planet Global Limited
_cc2019.
300 _a287 pages :
_bcoloured illustrations and pictures ;
_c22 cm.
504 _aIncludes bibliographical references, index, and glossary.
650 _aLight and darkness.
650 _aAstronomy.
650 _aLight pollution.
942 _2lcc
_cBK
999 _c365907
_d365907